Qu'y a-t-il dans cette boîte? - Pays #1 - Statistiques

Statistiques générales
  • Ce quiz a été pris 688 fois
  • Le résultat moyen est 5 sur 9
Réponses sur la Carte
Les réponses sont colorées sur une échelle allant du rouge au vert en fonction du pourcentage des utilisateurs qui les ont devinées à leur premier essai. Vous pouvez retrouver ces pourcentages ci-dessous.
 
Statistiques - réponses
Question % Correct
Quel est le seul pays qui commence par la lettre Q ? Qatar
100%
Quel est le pays le moins peuplé ? Vatican
86%
Quel pays a fait la première pizza ? Italie
85%
Quel pays a la capitale la plus septentrionale ? Islande
58%
Quel pays a le mont Kilimandjaro ? Tanzanie
52%
Quel est le pays le plus visité des Caraïbes ? République dominicaine
41%
Quel pays a la capitale Paramaribo ? Suriname
36%
Quel est le seul pays africain où l'espagnol est une langue officielle ? Guinée équatoriale
26%
QU'Y A-T-IL DANS CETTE BOÎTE ? une médaille
23%
Aucun quiz correspondant
Distribution des résultats
% des personnes avec chaque résultat
Percentile par nombre de réponses
Votre historique - résultats
Vous n’avez pas pris ce quiz